Statistics for Iowa Basketball Starting 5 under Fran McCaffery

Click here to take the quiz!

General Stats

  • This quiz has been taken 10 times
  • The average score is 37 of 70

Answer Stats

GroupsHintAnswer% Correct
2023-24FBen Krikke
86%
2019-20GConnor McCaffery
86%
2022-23GConnor McCaffery
86%
2020-21GConnor McCaffery
86%
2017-18CLuka Garza
86%
2019-20CLuka Garza
86%
2020-21CLuka Garza
86%
2018-19CLuka Garza
86%
2021-22FPatrick McCaffery
86%
2023-24FPatrick McCaffery
86%
2014-15FAaron White
71%
2012-13FAaron White
71%
2013-14FAaron White
71%
2013-14GMike Gesell
71%
2015-16GMike Gesell
71%
2012-13GMike Gesell
71%
2014-15GMike Gesell
71%
2023-24COwen Freeman
71%
2023-24GPayton Sandfort
71%
2023-24GTony Perkins
71%
2012-13CAdam Woodbury
57%
2013-14CAdam Woodbury
57%
2014-15CAdam Woodbury
57%
2015-16CAdam Woodbury
57%
2015-16GAnthony Clemmons
57%
2014-15FJarrod Uthoff
57%
2020-21FJoe Wieskamp
57%
2019-20FJoe Wieskamp
57%
2018-19FJoe Wieskamp
57%
2016-17GJordan Bohannon
57%
2017-18GJordan Bohannon
57%
2018-19GJordan Bohannon
57%
2020-21GJordan Bohannon
57%
2021-22GJordan Bohannon
57%
2021-22FKeegan Murray
57%
2022-23FKris Murray
57%
2014-15GPeter Jok
57%
2015-16GPeter Jok
57%
2016-17GPeter Jok
57%
2022-23GAhron Ulis
43%
2022-23FFilip Rebraca
43%
2017-18GIsaiah Moss
43%
2016-17GIsaiah Moss
43%
2018-19GIsaiah Moss
43%
2013-14FMelsahn Basabe
43%
2012-13FMelsahn Basabe
43%
2010-11FMelsahn Basabe
43%
2011-12FMelsahn Basabe
43%
2022-23GTony Perkins
43%
2016-17FAhmad Wagner
29%
2010-11GBryce Cartwright
29%
2019-20GCJ Fredrick
29%
2020-21GCJ Fredrick
29%
2013-14GDevyn Marble
29%
2011-12GDevyn Marble
29%
2012-13GDevyn Marble
29%
2011-12GEric May
29%
2010-11GEric May
29%
2015-16FJarrod Uthoff
29%
2010-11FJarryd Cole
29%
2021-22GJoe Toussaint
29%
2019-20GJoe Toussaint
29%
2011-12GMatt Gatens
29%
2010-11GMatt Gatens
29%
2017-18FNicholas Baer
29%
2017-18FTyler Cook
29%
2016-17FTyler Cook
29%
2018-19FTyler Cook
29%
2011-12FZach McCabe
29%
2021-22FFilip Rebraca
14%

Score Distribution

Percentile by Number Answered

Percent of People with Each Score

Your Score History

You have not taken this quiz